Les régions d'Amérique, Guadeloupe, Martinique & Guyane de A à Z - Statistiques

Statistiques générales
  • Ce quiz a été pris 83 fois
  • Le résultat moyen est 8 sur 26
Statistiques - réponses
Lettre Question Réponse % Correct
B Principale production de la Martinique Banane
85%
V Le drapeau martiniquais est rouge, noir et vert
74%
P Volcan de la Martinique. Montagne... Pelée
70%
C Oiseau-mouche dont 4 espèces existent en Martinique Colibri
55%
D Ile de 21 km2 dépendant de la Guadeloupe Désirade
52%
T Sirop de canne, citron et rhum composent le Ti-punch
52%
I Cet ouragan a touché St Barthélémy et St Martin mais plutôt épargné la Guadeloupe et la Martinique Irma
47%
Y Ils ou elles en créole Yo
47%
A 1ers habitants de la Martinique et de la Guadeloupe Arawaks
44%
L Cette espèce de tortue se reproduit couramment en Guyane Luth
39%
F Maladie qui a décimé les premiers colons en Guyane (2 mots) Fièvre jaune
38%
O Technique de recherche d'or très pratiquée en Guyane Orpaillage
32%
M Sorte d'opossum martiniquais Manikou
26%
S Le sous-secrétaire d'Etat aux colonies qui obtient l'abolition de l'esclavage est (prénom et nom) Victor Schoelcher
26%
E Administrateur colonial né à Cayenne qui est un des 1ers à suivre le général de Gaulle en mai 1940 (prénom et nom) Félix Eboué
20%
K Habitants de la Martinique et de la Guadeloupe à partir du IXe siècle Kalinagos
17%
H Réfugiés laotiens installés en Guyane qui produisent surtout des fruits et des légumes Hmongs
12%
Z Auteur de "Rue Case Nègre" (prénom et nom) Joseph Zobel
11%
G L'île de Marie-Galante est parfois surnommée la.. (2 mots) Grande Galette
9%
U Traité de 1713 qui fixe la frontière entre les territoires français et portugais du plateau des Guyanes Utrecht
9%
Q Ensemble de croyance et de pratiques magico-religieuses Quimbois
8%
J Ancien nom améridien de la Martinique Jouanacaera
6%
N Musicien du groupe Kassav' (prénom et nom) Jean-Claude Naimro
2%
R L'arbre du voyageur est l'autre nom du Ravenale
2%
W L'île passe sous domination anglaise après le traité de Whitehall
2%
X Dans la forêt tropicale sèche se trouve des plantes comme l'acacia dite xérophiles
2%
Aucun quiz correspondant
Distribution des résultats
% des personnes avec chaque résultat
Percentile par nombre de réponses
Votre historique - résultats
Vous n’avez pas pris ce quiz